| 000 | 00799nam a22001697a 4500 | ||
|---|---|---|---|
| 999 |
_c59537 _d59537 |
||
| 003 | Ge_BSU | ||
| 005 | 20230313094056.0 | ||
| 008 | 230313s1999 ge ||||| |||| 00| 0 geo d | ||
| 041 | _ageo | ||
| 080 | _a347.9(076.5) ლ-61 | ||
| 100 |
_aლილუაშვილი, თენგიზ _916901 |
||
| 245 |
_aსამოქალაქო საქმეთა წარმოება სასამართლოში : _bპრაქტიკული სახელმძღვანელო / _cთენგიზ ლილუაშვილი. |
||
| 264 |
_aთბილისი, _c1999. |
||
| 300 |
_a288 გვ. ; _b21 სმ. |
||
| 653 | _aსამოქალაქო საქმეების წარმოება სასამართლოში | ||
| 942 |
_2udc _cBK |
||